DOORS, Sudden Death - Statistics

General Stats
  • This quiz has been taken 14 times
  • The average score is 7 of 15
Answers on the Grid
Answers color-coded by a green-red scale on the quiz's grid according to % correct below.
Lighter
Medkit
Battery Pack
Scissors
Bulklight
Water Bottle
Crucifix
Earmuffs
Lockpick
Speed Candy
Vitamins
Diamond
Vial of Starlight
Wine
Smoothie
Potion
Candle
Drumstick
Skeleton Key
Fork
Bandage Pack
Weed Cutters
Compass
Tripwire
Shears
Cookie
Lantern
Pencil
Moonlight Candle
Dog Toy
 
Answer Stats
Answer % Correct
Lighter
82%
Crucifix
73%
Battery Pack
64%
Skeleton Key
64%
Lockpick
55%
Candle
45%
Vitamins
45%
Bandage Pack
36%
Bulklight
36%
Compass
36%
Lantern
36%
Moonlight Candle
36%
Shears
36%
Smoothie
36%
Vial of Starlight
36%
No matching quizzes found
Score Distribution
Percent of People with Each Score
Percentile by Number Answered
Your Score History
You have not taken this quiz